Medical image data processing using methods of computer vision and deep neural networks

Saved in:
Bibliographic Details
Main Author: Hradský, Pavol (Author)
Other Authors: Benešová, Vanda (Thesis advisor)
Format: Manuscript Book
Language:Slovak
English
Published: 2023
Subjects:
Online Access:http://is.stuba.sk/zp/portal_zp.pl?podrobnosti=162650
Tags: Add Tag
No Tags, Be the first to tag this record!

MARC

LEADER 00000ntm a22000003a 4500
001 stuzp92427
003 SK-STU
005 20230909213131.5
007 ta
008 150427s2015----xo-----f-mn---000-0-slo-d
040 |a STU  |b slo 
041 0 |a eng 
100 1 |a Hradský, Pavol  |u 070400  |4 aut  |U FIIT Fakulta informatiky a informačných technológií  |T FIIT Ústav počítačového inžinierstva a aplikovanej informatiky  |X 110799  |U I400  |Y 672  |7 110799 
242 0 1 |a Spracovanie obrazových medicínskych dát metódami počítačového videnia a hlbokých neurónových sietí  |y slo 
245 1 0 |a Medical image data processing using methods of computer vision and deep neural networks 
260 |c 2023 
650 4 |a Medicínske zobrazovanie  |2 slo 
650 4 |a Segmentácia snímok  |2 slo 
650 4 |a Hlboké neurónové siete  |2 slo 
650 4 |a Klasifikácia snímok  |2 slo 
650 4 |a Deep neural networks  |2 eng 
650 4 |a Medical imaging  |2 eng 
650 4 |a Image segmentation  |2 eng 
650 4 |a Image classification  |2 eng 
700 1 |a Benešová, Vanda  |u 070400  |k Z1  |4 ths  |U FIIT Fakulta informatiky a informačných technológií  |T FIIT Ústav počítačového inžinierstva a aplikovanej informatiky  |X 63121  |U I400  |Y 672  |7 63121 
856 4 |u http://is.stuba.sk/zp/portal_zp.pl?podrobnosti=162650